Music Quiz

Random Music or Kpop Quiz

Guess The Kpop MV By Picture/Gif Quiz Stats

 Plays Quiz not verified by Sporcle

Also try: Songs That Go 'Up'
Challenge
Share
Tweet
Score 0/27 Timer 10:00
0 Plays Today
% Correct
Up And Down
84.5%
You Think
73.9%
Let's Not Fall In Love
69.5%
Come Back Home
64.4%
Like A Cat
60.4%
Alone
59.6%
Jackpot
57.2%
Expectation
53.8%
23
52.9%
Rum Pum Pum Pum
46.2%
Shadow
45.5%
Mind Your Own Business
44.9%
Full Moon
44%
Automatic
41.2%
% Correct
Stress Come On
40.8%
Goodbye Baby
33.3%
You're So Fly
32%
Still 24K
27.3%
I Yah
23.9%
Sixth Sense
21.6%
Baby I'm Sorry
16.3%
Rain Sound
15.6%
Beat
15%
Tantara
11.5%
Obliviate
9.1%
Hello
7.9%
My Hometown
7%

You're not logged in!

Compare scores with friends on all Sporcle quizzes.
OR
Log In

You Might Also Like...

Show Comments

Extras

Top Quizzes Today


Score Distribution

Your Account Isn't Verified!

In order to create a playlist on Sporcle, you need to verify the email address you used during registration. Go to your Sporcle Settings to finish the process.

Report this User

Report this user for behavior that violates our Community Guidelines.

Details: